Повышение эффективности процесса сульфирования алкилбензолов серным ангидридом в многотрубном пленочном реакторе с использованием нестационарной математической модели: автореферат диссертации на соискание ученой степени кандидата технических наук; спец. 2.6.13

Xehetasun bibliografikoak
Egile nagusia: Зыкова А. А. Анастасия Александровна
Erakunde egilea: Национальный исследовательский Томский политехнический университет Инженерная школа природных ресурсов Отделение химической инженерии
Beste egile batzuk: Долганова И. О. Ирэна Олеговна (научный руководитель)
Gaia:Заглавие с титульного экрана
Электронная версия печатной публикации
Защита сост. 01.06.2023
Hizkuntza:errusiera
Argitaratua: Томск, 2023
Gaiak:
Sarrera elektronikoa:http://earchive.tpu.ru/handle/11683/74939
Formatua: Baliabide elektronikoa Liburua
KOHA link:https://koha.lib.tpu.ru/cgi-bin/koha/opac-detail.pl?biblionumber=377734

MARC

LEADER 00000nlm0a2200000 4500
001 377734
005 20240122153540.0
035 |a (RuTPU)RU\TPU\retro\35186 
035 |a RU\TPU\retro\34784 
090 |a 377734 
100 |a 20230331d2023 k y0rusy50 ca 
101 0 |a rus 
102 |a RU 
105 |a a dm 000zy 
135 |a drcn ---uucaa 
181 0 |a i  
182 0 |a b 
200 1 |a Повышение эффективности процесса сульфирования алкилбензолов серным ангидридом в многотрубном пленочном реакторе с использованием нестационарной математической модели  |e автореферат диссертации на соискание ученой степени кандидата технических наук  |e спец. 2.6.13  |f А. А. Зыкова  |g Национальный исследовательский Томский политехнический университет ; науч. рук. И. О. Долганова 
203 |a Текст  |c электронный 
210 |a Томск  |d 2023 
215 |a 1 файл (1 277 КБ) 
300 |a Заглавие с титульного экрана 
300 |a Электронная версия печатной публикации 
300 |a Защита сост. 01.06.2023 
338 |b Российский фонд фундаментальных исследований  |d 20-38-90103 
338 |b Российский научный фонд  |d 19-73-00029 
606 1 |a Ароматические соединения  |x сульфирование  |2 stltpush  |3 (RuTPU)RU\TPU\subj\32492  |9 55026 
610 1 |a электронный ресурс 
610 1 |a авторефераты диссертаций 
610 1 |a труды учёных ТПУ 
610 1 |a эффективность процесса 
610 1 |a сульфирование 
610 1 |a алкилбензолы 
610 1 |a серный ангидрид 
610 1 |a пленочные реакторы 
610 1 |a нестационарные математические модели 
610 1 |a газовые смеси 
610 1 |a гидролиз 
610 1 |a технологические параметры 
610 1 |a поверхностно-активные вещества 
610 1 |a моющие средства 
610 1 |a ресурсоэффективность 
610 1 |a термодинамические параметры 
610 1 |a кинетические параметры 
610 1 |a гидродинамические параметры 
610 1 |a тепломассоперенос 
610 1 |a диффузия 
610 1 |a пленки 
675 |a 661.715.7(04)  |v 4 
686 |a 05.17.08  |2 oksvnk 
700 1 |a Зыкова  |b А. А.  |g Анастасия Александровна 
702 1 |a Долганова  |b И. О.  |c химик  |c младший научный сотрудник Томского политехнического университета, аспирант, кандидат технических наук  |f 1988-  |g Ирэна Олеговна  |3 (RuTPU)RU\TPU\pers\27911  |4 727  |9 12914 
712 0 2 |a Национальный исследовательский Томский политехнический университет  |b Инженерная школа природных ресурсов  |b Отделение химической инженерии  |3 (RuTPU)RU\TPU\col\23513 
801 2 |a RU  |b 63413507  |c 20230404  |g RCR 
856 4 |u http://earchive.tpu.ru/handle/11683/74939 
942 |c CF